| 000 | 00641nam a2200193 a 4500 | ||
|---|---|---|---|
| 001 | 14990 | ||
| 003 | CO-ViMGA | ||
| 008 | 141112s2004 ck r 000 u spa d | ||
| 040 |
_aCO-ViMGA _bspa _cCO-ViMGA |
||
| 082 | 0 | 4 | _a658.007 U548 |
| 100 | 1 |
_aUniversidad de los Andes.Facultad de Administración, _921736 |
|
| 245 | 1 | 0 | _aLas facultades de Administración y la internacionalización de la economía |
| 260 |
_aBtá, _cUniandes, _c1990 |
||
| 300 | _a43.p. | ||
| 590 |
_aForma de adquisición : Donación - - Precio : _10.000 |
||
| 650 | 1 | 4 |
_aADMINISTRACION DE EMPRESAS _92735 |
| 650 | 1 | 4 |
_aEconomía INTERNACIONAL _948555 |
| 942 |
_2ddc _cBK |
||
| 999 |
_c25428 _d25428 |
||